The beauty of Christ : (Record no. 6263)
[ view plain ]
| 000 -LEADER | |
|---|---|
| fixed length control field | 01123cam a2200277 a 4500 |
| 001 - CONTROL NUMBER | |
| control field | 16735443 |
| 003 - CONTROL NUMBER IDENTIFIER | |
| control field | OSt |
| 005 - DATE AND TIME OF LATEST TRANSACTION | |
| control field | 20190911104039.0 |
| 008 - FIXED-LENGTH DATA ELEMENTS--GENERAL INFORMATION | |
| fixed length control field | 110414s2011 sp 000 0 eng |
| 010 ## - LIBRARY OF CONGRESS CONTROL NUMBER | |
| LC control number | 2011393330 |
| 020 ## - INTERNATIONAL STANDARD BOOK NUMBER | |
| International Standard Book Number | 9788499235462 |
| 040 ## - CATALOGING SOURCE | |
| Original cataloging agency | DLC |
| Transcribing agency | DLC |
| Modifying agency | DLC |
| 041 1# - LANGUAGE CODE | |
| Language code of text/sound track or separate title | eng |
| Language code of original | spa |
| 050 00 - LIBRARY OF CONGRESS CALL NUMBER | |
| Classification number | BS2555.53 |
| Item number | .G6613 2011 |
| 100 1# - MAIN ENTRY--PERSONAL NAME | |
| Personal name | González Fernández, Enrique, |
| Dates associated with a name | 1962- |
| 240 10 - UNIFORM TITLE | |
| Uniform title | Belleza de Cristo. |
| Language of a work | English |
| 245 14 - TITLE STATEMENT | |
| Title | The beauty of Christ : |
| Remainder of title | an introduction to the theology of hans urs von Balthasar |
| Statement of responsibility, etc. | Enrique González Fernández ; prologue by Julián Marías ; translated from the Spanish by Harold C. Raley. |
| 250 ## - EDITION STATEMENT | |
| Edition statement | 1. ed. |
| 260 ## - PUBLICATION, DISTRIBUTION, ETC. | |
| Place of publication, distribution, etc. | [Madrid] : |
| Name of publisher, distributor, etc. | Cultiva, |
| Date of publication, distribution, etc. | 2011. |
| 300 ## - PHYSICAL DESCRIPTION | |
| Extent | 277 p. ; |
| Dimensions | 24 cm. |
| 490 0# - SERIES STATEMENT | |
| Series statement | Colección Autor ; |
| Volume/sequential designation | 119 |
| 600 00 - SUBJECT ADDED ENTRY--PERSONAL NAME | |
| Personal name | Mary, |
| Titles and other words associated with a name | Blessed Virgin, Saint |
| 630 00 - SUBJECT ADDED ENTRY--UNIFORM TITLE | |
| Uniform title | Bible. |
| Name of part/section of a work | Gospels. |
| 856 42 - ELECTRONIC LOCATION AND ACCESS | |
| Materials specified | Publisher description |
| Uniform Resource Identifier | <a href="http://www.loc.gov/catdir/enhancements/fy1407/2011393330-d.html">http://www.loc.gov/catdir/enhancements/fy1407/2011393330-d.html</a> |
| 906 ## - LOCAL DATA ELEMENT F, LDF (RLIN) | |
| a | 7 |
| b | cbc |
| c | orignew |
| d | 3 |
| e | ncip |
| f | 20 |
| g | y-gencatlg |
| 942 ## - ADDED ENTRY ELEMENTS (KOHA) | |
| Source of classification or shelving scheme | |
| Koha item type | OS Book |
| Classification part | BS2555.53 |
| Withdrawn status | Lost status | Source of classification or shelving scheme | Damaged status | Not for loan | Home library | Current library | Shelving location | Date acquired | Source of acquisition | Cost, normal purchase price | Inventory number | Total Checkouts | Full call number | Barcode | Date last seen | Copy number | Cost, replacement price | Price effective from | Koha item type |
|---|---|---|---|---|---|---|---|---|---|---|---|---|---|---|---|---|---|---|---|
| CUZ Harare Campus | CUZ Harare Campus | Open Shelf | 11.09.2019 | Donation | 15.00 | CU13849 | BS2555.53 | BK008462 | 22.05.2025 | 1 | 15.00 | 11.09.2019 | OS Book |